| 000 | 00448nam a2200181Ia 4500 | ||
|---|---|---|---|
| 001 | 14287 | ||
| 005 | 20260306164903.0 | ||
| 008 | 260306t2002||||xx |||||||||||||| ||spa|| | ||
| 041 | _aESP | ||
| 082 |
_a511.3 _bC32 |
||
| 100 |
_aCases Muñoz, Rafael _eAUT |
||
| 245 | 0 |
_aLenguaje, gramáticas y autómatas: _bcurso básico |
|
| 260 | _c2002 | ||
| 300 |
_a225 páginas : _c25 cm. |
||
| 650 | _aGEN | ||
| 654 | _aCMA | ||
| 942 |
_cLIB _dJUS _fJUS _2ddc _n |
||
| 999 |
_c14287 _d14287 |
||